000 00981nam a22003137a 4500
001 BR0102169
003 BR-BrBNA
005 20230928100845.0
007 ta
008 230509b bl.||||| |||| 00| 0 por d
040 _aBR-BrBNA
_bpor
_cBiblioteca Nacional de Agricultura
041 _a(Por)
072 _aL73
_b5212
_b4110
090 _ 5212 BR0102169
100 1 _aBaptista, F.
110 1 _aUniversidade Federal de Minas Gerais, Belo Horizonte (Brasil). Escola de Veterinaria
_0Tese (Doutor em Ciencia Animal)
245 1 _aTuberculose e outras causas de condenacao de bovinos em frigorificos de Minas Gerais, Brasil
260 3 _aBelo Horizonte, MG (Brasil):
_c1999.
300 _a50 p.
500 _aSummaries (Eng, Por); 48 ref.; 12 illus.; 15 tables
650 _aBovino
650 _aTuberculose
650 _aCisticercose
650 _aAbate
650 _aFrigorifico
650 _aMinas Gerais
909 _a202309
_bLucia
_c55
_dLucia Elande
942 _cBK
999 _c63124
_d63124